000 00852nam a22001817a 4500
005 20220215115459.0
008 220215b ||||| |||| 00| 0 eng d
020 _a9781305639034
050 _aJF1352.C614(8e)
245 _aClassics of public administration /
_cJay M. Shafritz and Albert C. Hyde.
250 _a8th ed.
260 _aBoston :
_bCengage Learning,
_c2017.
300 _ax, 627p. :
_bill. ;
_c24 cm.
500 _aIncludes references.
505 _aContents (Topical): The discipline of public administration -- Public administration in context -- Bureaucracy -- Organization theory -- Human resources management -- The budgetary process -- Public management -- Public policy and analysis -- Program implementation and evaluation -- Intergovernmental relations -- Public service ethics.
700 _aHdye, Albert C.
942 _2lcc
_cBK
999 _c8709
_d16209